| 000 | 00456pab a2200169 454500 | ||
|---|---|---|---|
| 008 | 180718b1963 xxu||||| |||| 00| 0 eng d | ||
| 100 | _aMotiwal, Om Prakash | ||
| 245 | _aDoctrine of pleasure and the services in Indian constitution | ||
| 260 | _c1963 | ||
| 300 | _ap.64-73. | ||
| 362 | _aJan-Mar | ||
| 650 | _aIndia - Constitution | ||
| 650 | _aConstitutions | ||
| 773 | _aIndian Journal of Public Administration | ||
| 908 | _aN | ||
| 909 | _a100373 | ||
| 999 |
_c100372 _d100372 |
||